000 00440nam a2200181Ia 4500
001 7380
005 20260306160451.0
008 260306t2011||||xx |||||||||||||| ||spa||
041 _aESP
082 _a338.9
_bA74
100 _aArmendáriz, Edna
_eAUT
245 0 _aLas barreras al crecimiento económico en Junín
260 _c2011
300 _a126 páginas :
_c21 cm.
650 _aGEN
654 _aCAN
942 _cLIB
_dJUS
_fJUS
_2ddc
_n
999 _c7380
_d7380